01978nam a22002657a 450000500170000000800410001702000180005804000090007604100080008508200210009310000230011424500190013726000720015630000230022836500650025152010580031665000290137465000260140365000260142965000200145570000250147594200120150099900190151295201810153120220507092202.0220507b ||||| |||| 00| 0 eng d a9780141035796 cAloy aeng 223a759.54bBERW aJohn Berger934661 aWays of seeing aLondon:bBritish Broadcasting Corporation and Penguin Books,c2008. a176p.bPBc18x11cm 2Political Sciencea432b399.00c₹d499.00e20%f30-04-2022 aJohn Peter Berger was an English art critic, novelist, painter and author. His novel G. won the 1972 Booker Prize, and his essay on art criticism Ways of Seeing, written as an accompaniment to a BBC series, is often used as a college text. Later he was self exiled to continental Europe, living between the french Alps in summer and the suburbs of Paris in winter. Since then, his production has increased considerably, including a variety of genres, from novel to social essay, or poetry. One of the most common themes that appears on his books is the dialectics established between modernity and memory and loss, Another of his most remarkable works has been the trilogy titled Into Their Labours, that includes the books Pig Earth (1979), Once In Europa (1983) Lilac And Flag (1990). With those books, Berger makes a meditation about the way of the peasant, that changes one poverty for another in the city. This theme is also observed in his novel King, but there his focus is more in the rural diaspora and the bitter side of the urban way of life. aVisual Perception934654 aArt Techniques934655 aArt Psychology934656 aPainting934657 aBERGER (John)934658 2ddccBK c222823d222823 00102ddc40708PSaALbALd2022-05-06eBiblios Book Point Surathkal, Mangalore-575014g399.00l3o759.54 BERWp075762r2023-09-29 00:00:00s2023-06-23v499.00w2022-05-07yBK